| 000 | 01198nam a2200253 4500 | ||
|---|---|---|---|
| 003 | SEM | ||
| 005 | 20240827120343.0 | ||
| 008 | 240731s2009 ai ||||gr||||||01|||arm|d | ||
| 020 | _a978-9939-53-469-5 | ||
| 040 |
_aSEM _cSEM |
||
| 041 | _aarm | ||
| 080 | _a347.161/Բ-17 | ||
| 100 |
_aԲաթոյան, Զարուհի _d(1979-) |
||
| 245 |
_aՀաշմանդամության խնդիրը և զանգվածային լրատվության միջոցները : _bՈւղեցույց լրագրողների համար / _cԶ. Բաթոյան ; Գիտ. խմբ.՝ Հ. Ավետիքյան ; Խմբագիրներ՝ Ն. Մարտիրոսյան ; Ա. Մենեմշյան |
||
| 260 |
_aԵրևան : _b«Հույսի կամուրջ», _c2009. |
||
| 300 |
_a123 էջ ; _c20 սմ |
||
| 504 | _aԾանոթագրություններ և օգտագործված գրականության ցանկ : էջ 116-122 | ||
| 650 | _aՖիզիկական հիվանդությունների պաշտպանության իրավունք | ||
| 653 | _aՍԷՄ | ||
| 700 |
_aԱվետիքյան, Հ. _eգիտ. խմբ. |
||
| 700 |
_aՄարտիրոսյան, Ն. _eխմբ. |
||
| 700 |
_aՄենեմշյան, Ա. _eխմբ. |
||
| 942 |
_2udc _cBK |
||
| 999 |
_c75036 _d75036 |
||